Open Data Biblioteca Nacional de Portugal


República Portuguesa: Ministério da Cultura
Biblioteca Nacional de Portugal

Catálogo da BNP: acesso por Identificadores Unívocos
Registos Bibliográficos associados ao registo de autoridade

Etiqueta de registo: 00254nam 2200025 450
001 2289383
003 http://id.bnportugal.gov.pt/bib/catbnp/2289383
010 ## $a978-972-8241-92-6
021 ## $aPT$b558334/25
100 ## $a20260702d2025 m d0pory01030103ba
101 0# $apor$aeng
102 ## $aPT
105 ## $aa b 100yy
106 ## $ar
200 1# $aBF24 Vila Franca de Xira$eprograma curatorial, serpente infinita$dVila Franca de Xira Photography Biennal, curatorial programme, infinite serpent$fcoord-geral Direção Municipal do Ambiente e Desenvolvimento Humano$gimagens Hugo Santos Silva, Nuno Sampaio, Sr Teste$gtextos Ana Rito, Fernando Paulo Ferreira, Hugo Barata$zeng
210 #9 $aVila Franca de Xira$cCâmara Municipal de Vila Franca de Xira,$d2025
215 ## $a367 p.$cil.$d21 cm
305 ## $aEd. bilingue em português e inglês
510 1# $aVila Franca de Xira Photography Biennal, curatorial programme, infinite serpent$zeng
702 #1 $99$aSantos,$bHugo$4600$32002363
702 #1 $aFerreira,$bFernando Paulo$4070$31529240
702 #1 $94$aSampaio,$bNuno$4600$31958959
702 #1 $aRito,$bAna,$f1978-$4070$31461088
702 #1 $aBarata,$b Hugo$4070$31550993
710 12 $aBienal de Fotografia de Vila Franca de Xira,$eVila Franca de Xira,$f2024$32002330
712 02 $aSr Teste$4600$32002365
712 02 $aVila Franca de Xira.$bCâmara Municipal.$bDireção Municipal do Ambiente e Desenvolvimento Humano $4340$32002335
801 #0 $aPT$bBN$gRPC
966 ## $lBN$mFGMON$x1
966 ## $lBN$mFGMON$x1
971 ## $cjbeatriz$d20260702

OpendataBNP@bnportugal.pt | Mais informação sobre acesso aos dados BNP